书目信息 |
| 题名: |
中国共产党党员权利保障条例
|
|
| 作者: | ||
| 分册: | ||
| 出版信息: | 北京 中国法制出版社 2004.10 |
|
| 页数: | 12页 | |
| 开本: | 20cm | |
| 丛书名: | ||
| 单 册: | ||
| 中图分类: | D135.7 | |
| 科图分类: | ||
| 主题词: | 国际共产主义运动 | |
| 电子资源: | ||
| ISBN: | 7-80182-391-5 | |
| 000 | 00576nam0 2200193 450 | |
| 001 | 2656842971 | |
| 005 | 20260414155121.03 | |
| 010 | @a7-80182-391-5@dCNY2.50 | |
| 100 | @a20260414d2004 km y0chiy0120 ea | |
| 101 | 0 | @achi |
| 102 | @aCN@b110000 | |
| 102 | @aCN@b110000 | |
| 200 | 1 | @a中国共产党党员权利保障条例@AZhong Guo Gong Chan Dang Dang Yuan Quan Li Bao Zhang Tiao Li |
| 210 | @a北京@c中国法制出版社@d2004.10 | |
| 215 | @a12页@d20cm | |
| 606 | 0 | @a国际共产主义运动 |
| 690 | @aD135.7@v4 | |
| 801 | 0 | @aCN@b大连网信软件有限公司图书馆·11@c20260414 |
| 905 | @aZUCC@dD135.7@e13 | |
| 中国共产党党员权利保障条例.-北京:中国法制出版社,2004.10 |
| 12页;20cm |
| ISBN 7-80182-391-5:CNY2.50 |
| ● |
| 相关链接 |
|
|
|
|
正题名:中国共产党党员权利保障条例
索取号:D135.7/13
 
预约/预借
| 序号 | 登录号 | 条形码 | 馆藏地/架位号 | 状态 | 备注 |
| 1 | 1442593 | 214425932 | 第一样本阅览室/ [索取号:D135.7/13] | 在馆 |